Normal view
MARC view
- Smith, Harris Pearson .
Entry Personal Name
001 - CONTROL NUMBER
- control field: 1661
003 - CONTROL NUMBER IDENTIFIER
- control field: OSt
005 - DATE AND TIME OF LATEST TRANSACTION
- control field: 20161006120830.0
008 - FIXED-LENGTH DATA ELEMENTS
- fixed length control field: 161006|| aca||aabn | a|a d
040 ## - CATALOGING SOURCE
- Original cataloging agency: OSt
- Transcribing agency: OSt
100 ## - HEADING--PERSONAL NAME
- Personal name: Smith, Harris Pearson .
670 ## - SOURCE DATA FOUND
- Source citation: Work cat.: (OSt)58: Smith, Harris Pearson ., Farm Machinery and Equipment / , 1984.
